Countries in Europe Without A Map - Statistics

General Stats
  • This quiz has been taken 117 times
    99 since last reset
  • The average score is 43 of 45
Answer Stats
Answer % Correct
Greece
99%
Monaco
99%
Portugal
99%
Spain
99%
United Kingdom
99%
Vatican City
99%
Albania
97%
Andorra
97%
Belarus
97%
Estonia
97%
Germany
97%
Ireland
97%
Italy
97%
Latvia
97%
Liechtenstein
97%
Lithuania
97%
North Macedonia
97%
Slovakia
97%
Belgium
96%
Croatia
96%
Czechia
96%
Luxembourg
96%
Malta
96%
Norway
96%
Russia
96%
Serbia
96%
Slovenia
96%
Sweden
96%
Ukraine
96%
Bosnia and Herzegovina
95%
Kosovo
95%
Moldova
95%
Netherlands
95%
Poland
95%
San Marino
95%
Austria
93%
Bulgaria
93%
Denmark
93%
Finland
93%
France
93%
Romania
93%
Iceland
92%
Montenegro
92%
Switzerland
91%
Hungary
89%
No matching quizzes found
Score Distribution
Percent of People with Each Score
Percentile by Number Answered
Your Score History
You have not taken this quiz since the last reset